Leasing není jen jeden

Pred výberom vhodného typu financovania je nutné poznať rozdiely medzi jednotlivými typmi lízingu. Najužívanejším typom lízingu v ČR je finančný lízing. Spätným lízingom sa uvoľňujú viazané finančné prostriedky. Operatívny lízing je skôr prenájmom. Lízing nehnuteľností.

Salvato in:
Dettagli Bibliografici
Autore principale: Tkáč, Gabriel
Natura: Capitolo di libro
Lingua:ceco
Soggetti:
Tags: Aggiungi Tag
Nessun Tag, puoi essere il primo ad aggiungerne!!

MARC

LEADER 00000naa$a2200000$$$4500
001 0036121
005 20231010085526.9
041 0 |a cze 
044 |a CZ 
245 1 0 |a Leasing není jen jeden  |c Gabriel Tkáč 
520 |a Pred výberom vhodného typu financovania je nutné poznať rozdiely medzi jednotlivými typmi lízingu. Najužívanejším typom lízingu v ČR je finančný lízing. Spätným lízingom sa uvoľňujú viazané finančné prostriedky. Operatívny lízing je skôr prenájmom. Lízing nehnuteľností. 
610 2 0 |a lízing 
610 2 0 |a lízing finančný 
610 2 0 |a lízing operatívny 
610 2 0 |a lízing spätný 
610 2 0 |a financovanie 
610 2 0 |a firmy 
100 1 |a Tkáč, Gabriel